Music Quiz

Random Music or Song Quiz

5 Seconds of Summer Songs Quiz Stats

 Plays Quiz not verified by Sporcle

Score 0/92 Timer 15:00
3 Plays Today
Album/EP Song % Correct
5 Seconds of SummerShe Looks So Perfect
96.6%
EPShe Looks So Perfect
96.5%
5 Seconds of SummerDon't Stop
93.7%
EPDon't Stop
93.7%
5 Seconds of SummerAmnesia
92.9%
EPAmnesia
92.8%
YoungbloodYoungblood
92.3%
5 Seconds of SummerGood Girls
92.2%
EPGood Girls
92.1%
Sounds Good Feels GoodShe's Kinda Hot
92%
YoungbloodWant You Back
85.7%
Sounds Good Feels GoodMoney
84.2%
Sounds Good Feels GoodHey Everybody!
83.9%
Sounds Good Feels GoodJet Black Heart
82.7%
YoungbloodLie To Me
82%
5 Seconds of SummerBeside You
81.4%
EPBeside You
81.4%
YoungbloodValentine
80.2%
5 Seconds of Summer18
80.1%
Sounds Good Feels GoodBroken Home
79.8%
5 Seconds of SummerHeartbreak Girl
79.2%
YoungbloodBabylon
79.2%
Sounds Good Feels GoodOuter Space
79.2%
YoungbloodGhost Of You
78.1%
5 Seconds of SummerLong Way Home
77.6%
EPLong Way Home
77.6%
5 Seconds of SummerVoodoo Doll
75.9%
5 Seconds of SummerKiss Me Kiss Me
74.4%
Sounds Good Feels GoodVapor
73.9%
5 Seconds of SummerEnglish Love Affair
73.8%
Sounds Good Feels GoodInvisible
73.7%
Album/EP Song % Correct
YoungbloodEmpty Wallets
73%
5 Seconds of SummerEnd Up Here
72.9%
Sounds Good Feels GoodCastaway
72.6%
Sounds Good Feels GoodPermanent Vacation
72.5%
Sounds Good Feels GoodAirplanes
72%
EPOut Of My Limit
71.8%
Sounds Good Feels GoodSan Francisco
71.8%
YoungbloodMore
71.6%
Sounds Good Feels GoodCatch Fire
71.3%
Sounds Good Feels GoodThe Girl Who Cried Wolf
71.3%
YoungbloodMoving Along
71.2%
YoungbloodWoke Up In Japan
71%
5 Seconds of SummerEverything I Didn't Say
70.9%
5 Seconds of SummerMrs All American
70.9%
YoungbloodMonster Among Men
70.6%
YoungbloodTalk Fast
70.4%
YoungbloodIf Walls Could Talk
70%
5 Seconds of SummerGreenlight
69.7%
Sounds Good Feels GoodSafety Pin
69.7%
YoungbloodBetter Man
69.6%
Sounds Good Feels GoodWaste The Night
69.1%
YoungbloodWhy Won't You Love Me
68.3%
Sounds Good Feels GoodFly Away
67.9%
YoungbloodMeet You There
67.9%
EPDisconnected
67.8%
EPTry Hard
67.8%
EPHeartache On The Big Screen
67.3%
5 Seconds of SummerNever Be
66.6%
EPGotta Get Out
66.5%
EPGotta Get Out
66.5%
EPUnpredictable
64.9%
Album/EP Song % Correct
EPDaylight
61.7%
Other/UnreleasedWherever You Are
61.4%
EPWrapped Around Your Finger
60.9%
5 Seconds of SummerSocial Casualty
60.9%
EPThe Only Reason
59.8%
EPWhat I Like About You
59.8%
EPRejects
58%
5 Seconds of SummerClose As Strangers
57.4%
EPAmerican Idiot
57%
EPJust Saying
57%
EPI Miss You
56.7%
Other/UnreleasedGirls Talk Boys
56.4%
YoungbloodBest Friend
56.2%
5 Seconds of SummerTomorrow Never Dies
53.8%
5 Seconds of SummerIndependence Day
53.3%
EPBroken Pieces
52.3%
Sounds Good Feels GoodStory Of Another Us
51.4%
EPOver And Out
51.2%
EPLost In Reality
51.1%
EPIf You Don't Know
49.4%
Sounds Good Feels GoodThe Space Between A Rock And A Hard Place
49.1%
EPToo Late
48.8%
YoungbloodWhen You Walk Away
48.6%
EPPizza
47.7%
YoungbloodMidnight
45.8%
EPJasey Rae
45.5%
Other/UnreleasedI Can't Remember
34.7%
Other/UnreleasedSuper Hero
34.6%
Other/UnreleasedOver And Over
29.9%
Other/UnreleasedHearts Upon Our Sleeve
28.7%

You're not logged in!

Compare scores with friends on all Sporcle quizzes.
OR
Log In

Sporcle TV

Today on Sporcle TV


Watch our educational content, quiz creation guides, and fun videos on Sporcle TV.

Show Comments

Extras

Top Quizzes Today


Score Distribution

Your Account Isn't Verified!

In order to create a playlist on Sporcle, you need to verify the email address you used during registration. Go to your Sporcle Settings to finish the process.

Report this User

Report this user for behavior that violates our Community Guidelines.

Details: